| 000 | 00391nam a2200145Ia 4500 | ||
|---|---|---|---|
| 008 | 230917s9999||||xx |||||||||||||| ||und|| | ||
| 040 |
_e112990 _aMAIN |
||
| 041 | _aEnglish | ||
| 082 | _a005.1 K 547 S | ||
| 100 | _aKit, Edward. | ||
| 245 | 0 | _aSoftware atesting in the real world: Improving the process | |
| 260 |
_aNew Delhi _bPearson education _c2004 |
||
| 300 | _a252p p. | ||
| 942 | _cBK | ||
| 999 |
_c124109 _d124109 |
||